TWS discography (march 2026) - Statistics

General Stats
  • This quiz has been taken 23 times
  • The average score is 25 of 36
Answer Stats
SPARKLING BLUE % Correct
BFF
100%
first hooky
100%
hot blue shoes
100%
last festival
100%
overdrive
100%
plot twist
100%
unplugged boy
100%
comma
91%
countdown!
91%
highlight
91%
if I'm S can you be my N?
91%
overthinking
91%
random play
91%
double take
82%
keep on
82%
kiss kiss shy shy
82%
lucky to be loved
82%
nice to see you again
82%
now playing
82%
Oh Mymy : 7s
82%
fire confetti
73%
freestyle
73%
go back
73%
head shoulders knees toes
73%
here for you
73%
hey! hey!
73%
caffeine rush
64%
bloom
55%
uptown girl
55%
you + me = 7942
45%
LAST BELL
18%
bread new day
9%
PLAY HARD
9%
SINGLES/JAPANESE COMEBACK/OST
9%
SUMMER BEAT!
9%
TRY WITH US
9%
No matching quizzes found
Score Distribution
Percent of People with Each Score
Percentile by Number Answered
Your Score History
You have not taken this quiz